Statistics for Countries with the Most Italian Speakers

Click here to take the quiz!

General Stats

  • This quiz has been taken 76 times
  • The average score is 9 of 10

Answer Stats

PlaceStatusSpeakersAnswer% Correct
4.3 237 620France
100%
1.National58 213 202Italy
100%
3.3 820 442U.S.A.
100%
5.2 536 126Germany
93%
10.1 128 417Spain
92%
8.1 335 739U.K.
92%
9.Official1 277 411Switzerland
90%
7.1 359 791Argentina
73%
2.4 050 000Brazil
71%
6.1 493 378Romania
44%

Score Distribution

Percentile by Number Answered

Percent of People with Each Score

Your Score History

You have not taken this quiz